Представление документа в формате RUSMARC

ПолеНазваниеЗначение
  Тип записи a
  Библиографический уровень m
001 Контрольный номер LIBNET\0001488335
005 Дата корректировки 20260702171553.5
010 Индекс ISBN __
a ISBN 978-5-04-211611-7
b Уточнения в пер.
9 Тираж 10000 экз.
100 Данные общей обработки __
a Данные общей обработки 20260521d2025 u y0rusy0189 ca
101 Язык документа 0_
a Язык текста rus
102 Страна публикации __
a Страна публикации RU
105 Кодированные данные (монография) __
a Кодированные данные (монография) y z 000ay
200 Заглавие и сведения об ответственности 1_
a Заглавие Одна тайная ставка
f Первые сведения об ответственности Татьяна и Анна Поляковы
e Сведения, относящиеся к заглавию роман
203 Вид содержания и тип средства __
a Вид содержания Текст
b Характеристика содержания визуальный
c Тип средства непосредственный
210 Выходные данные 1_
a Место издания Москва
c Издательство Эксмо
d Дата издания 2025
215 Физическое описание __
a Объем 347, [1] c.
d Формат 21 см
225 Серия 1_
a Серия Детективы с авантюрой Татьяны и Анны Поляковых
333 Примечание о целевом назначении __
a Примечание о целевом назначении 16+
606 Тематические рубрики 0_
a Основная рубрика Детективные романы и рассказы (х. л.)
610 Ключевые слова 0_
a Ключевые слова детективы русские
686 Индексы других классификаций __
a Классификационный индекс 84Р2-46
2 Код системы rubbk
700 Автор _1
a Фамилия Полякова
b Имя (инициалы) Т. В.
f Даты 1959-2021
g Полное личное имя Татьяна Викторовна
701 Альтернативная интеллектуальная ответственность _1
a Фамилия Полякова
b Имя (инициалы) А. М.
c Титул (звания) писатель
f Даты 1984-
g Полное личное имя Анна Михайловна
801 Источник записи _0
a Страна RU
b Организация Владимирская ОУНБ
c Дата составления 20250725
g Правила каталогизации RCR
801 Источник записи _1
a Страна RU
b Организация Владимирская ОУНБ
c Дата составления 20250725
g Правила каталогизации RCR
801 Источник записи _2
a Страна RU
b Организация Ульяновская ОНБ
c Дата составления 20260521
g Правила каталогизации RCR
900 Электронные ресурсы __
a Имя электронного ресурса много20260045
901 Тип документа __
t Тип документа m
909 Создатель записи __
a Создатель записи Егорова Э. А.
b Дата создания записи 20260521
910 Корректоры записи __
a Корректор записи Пряхина
b Дата внесения изменения в запись 20260702